Daily Capital City Riddle #147 - Statistics

General Stats
  • This quiz has been taken 26 times
  • The average score is 31 of 35
Answer Stats
Type Answer % Correct
Found Letter A
100%
Alphabet Letter E
100%
Found Letter I
100%
Alphabet Letter M
100%
Alphabet Letter N
100%
Found Letter O
100%
Alphabet Letter U
100%
Alphabet Letter B
95%
Alphabet Letter C
95%
Alphabet Letter D
95%
Alphabet Letter G
95%
Found Letter L
95%
Found Letter P
95%
Alphabet Letter S
95%
Found Letter T
95%
Alphabet Letter W
95%
Alphabet Letter Y
95%
Alphabet Letter H
91%
Found Letter R
91%
Correctly Placed Letter T
91%
Alphabet Letter X
91%
Alphabet Letter J
86%
Correctly Placed Letter O
86%
Correctly Placed Letter A
82%
Alphabet Letter K
82%
Correctly Placed Letter P
82%
Correctly Placed Letter R
82%
Found Letter V
82%
Alphabet Letter Z
82%
Correctly Placed Letter I
77%
Alphabet Letter Q
77%
Correctly Placed Letter L
73%
Alphabet Letter F
68%
Mystery Capital Port Vila
68%
Correctly Placed Letter V
68%
No matching quizzes found
Score Distribution
Percent of People with Each Score
Percentile by Number Answered
Your Score History
You have not taken this quiz